Statistics for can you Name the 14 most populated countries?

Click here to take the quiz!

General Stats

  • This quiz has been taken 35 times
  • The average score is 12 of 14

Answer Stats

HintAnswer% Correct
North americaUnited states of america
100%
South americaBrazil
97%
AsiaChina
97%
Asia/EuropeRussia
97%
AsiaJapan
94%
AsiaIndia
91%
North americaMexico
91%
AsiaPakistan
91%
AfricaEgypt
88%
AfricaNigeria
88%
AsiaBangladesh
85%
AsiaIndonesia
85%
AsiaPhilippines
71%
AfricaEthiopia
56%

Score Distribution

Percentile by Number Answered

Percent of People with Each Score

Your Score History

You have not taken this quiz